00394nam a2200157Ia 45000010006000000050017000060080041000230410008000640820016000721000038000882450057001262600009001833000028001926500008002206540008002281803420260306171601.0260306s9999||||xx |||||||||||||| ||und|| aESP a658.38bA47 aÁlvarez Heredia, FranciscoeAUT 0aSalud ocupacional y prevención:bguía práctica c2012 a193 páginas :c24 cm. aGEN aCAN